<?xml version="1.0" encoding="UTF-8"?>
<marc:record xmlns:marc="http://www.loc.gov/MARC21/slim">
   <marc:leader>00000nam a2200000 a 4500</marc:leader>
   <marc:datafield ind1="1" ind2=" " tag="100">
      <marc:subfield code="a">Seksik, Laurent</marc:subfield>
      <marc:subfield code="4">aut</marc:subfield>
      <marc:subfield code="e">Verfasser/-in</marc:subfield>
   </marc:datafield>
   <marc:datafield ind1=" " ind2=" " tag="653">
      <marc:subfield code="a">Zweig</marc:subfield>
   </marc:datafield>
   <marc:datafield ind1=" " ind2=" " tag="653">
      <marc:subfield code="a">Stefan</marc:subfield>
   </marc:datafield>
   <marc:datafield ind1=" " ind2=" " tag="653">
      <marc:subfield code="a">Lotte</marc:subfield>
   </marc:datafield>
   <marc:datafield ind1=" " ind2=" " tag="653">
      <marc:subfield code="a">Geschichte 1940-1942</marc:subfield>
   </marc:datafield>
   <marc:datafield ind1=" " ind2=" " tag="653">
      <marc:subfield code="a">Exil</marc:subfield>
   </marc:datafield>
   <marc:datafield ind1=" " ind2=" " tag="653">
      <marc:subfield code="a">Selbstmord</marc:subfield>
   </marc:datafield>
   <marc:datafield ind1=" " ind2=" " tag="653">
      <marc:subfield code="a">Fiktionale Darstellung</marc:subfield>
   </marc:datafield>
   <marc:datafield ind1=" " ind2=" " tag="653">
      <marc:subfield code="a">Belletristische Darstellung</marc:subfield>
   </marc:datafield>
   <marc:datafield ind1="0" ind2="0" tag="245">
      <marc:subfield code="a">Vorgefühl der nahen Nacht</marc:subfield>
   </marc:datafield>
   <marc:datafield ind1="0" ind2="0" tag="245">
      <marc:subfield code="b">Roman</marc:subfield>
   </marc:datafield>
   <marc:datafield ind1="0" ind2="0" tag="245">
      <marc:subfield code="c">Laurent Seksik. Aus dem Franz. von Hanna van Laak</marc:subfield>
   </marc:datafield>
   <marc:datafield ind1=" " ind2="1" tag="264">
      <marc:subfield code="a">München</marc:subfield>
      <marc:subfield code="b">Blessing</marc:subfield>
      <marc:subfield code="c">2011</marc:subfield>
   </marc:datafield>
   <marc:datafield ind1="1" ind2=" " tag="520">
      <marc:subfield code="a">Angaben aus der Verlagsmeldung

Vorgefühl der nahen Nacht Les derniers jours de Stefan Zweig / von Laurent Seksik

Im September 1940 kommt Stefan Zweig mit seiner zweiten Ehefrau, der dreißig Jahre jüngeren Lotte Altmann, nach Brasilien. Mit seiner ethnischen Buntheit ist dieses Land für ihn ein Gegenentwurf zum in Europa herrschenden Rassenwahn. Voller Hoffnung quartiert er sich nördlich von Rio ein. Auch seine Frau knüpft an Brasilien große Erwartungen. Sie werden herzlich aufgenommen, sie werden gefeiert und sie feiern mit – sogar im Karneval. Die Farben leuchten, das Klima lässt Lotte aufleben und in Ernst Feder, dem früheren Chefredakteur des „Berliner Tageblatts“, gewinnen sie einen unterhaltsam ironischen Freund.

Doch Stefan Zweig ist nicht nur auf der Flucht vor den Nazis. Er flieht auch vor den Gespenstern, die ihm nachts den Schlaf rauben – die Schatten seiner toten Freunde, allen voran Joseph Roth. So fällt es ihm schwer, seiner Frau die Gefühle zu zeigen, die sie ersehnt. Umgekehrt will sie lange das Ausmaß seiner Verzweiflung nicht wahrhaben. Eine der großen Tragödien der Weltliteratur nimmt ihren Lauf.

</marc:subfield>
   </marc:datafield>
   <marc:datafield ind1=" " ind2=" " tag="020">
      <marc:subfield code="a">9783896674432</marc:subfield>
      <marc:subfield code="9">9783896674432</marc:subfield>
   </marc:datafield>
   <marc:datafield ind1=" " ind2=" " tag="041">
      <marc:subfield code="a">ger</marc:subfield>
   </marc:datafield>
   <marc:datafield ind1=" " ind2=" " tag="300">
      <marc:subfield code="a">239 S.</marc:subfield>
   </marc:datafield>
</marc:record>
